000 00520nam a2200169Ia 4500
003 OSt
005 20251204093541.0
020 _a978-9966-32-002-5
040 _cLC
050 _aHB 615 .C 623 2013 V. 3
100 _aBR PROFESSIONAL EDUCATIONAL LTD,
245 0 _aCPA SECTION ONE; BR PRACTICE & REVISION KIT: ENTREPRENEURSHIP & COMMUNICATION, PAPER NO.3
260 _aNAIROBI,
_bBR PROFESSIONAL EDUCATIONAL LTD,
_c2013,
300 _aXX, 175 P, ILL
650 _aEntrepreneurship, communication
942 _cBK
_2lcc
_n0
999 _c74340
_d74340